| 000 | 00844cab a2200253 4500 | ||
|---|---|---|---|
| 001 | WB3006-19 | ||
| 008 | 090401t1994 xxu||||| |||| 00| 0 eng d | ||
| 035 | _a(Sirsi) u67041 | ||
| 041 | _aeng | ||
| 245 | _aSelling off county farms | ||
| 260 | _c1994 | ||
| 350 | _a0 | ||
| 490 |
_aFarming News _v4 February 1994, 20 |
||
| 490 |
_aFarmers' Weekly _v4 February 1994, 65 |
||
| 490 |
_aFinancial Times _v8 February 1994, 14(3) |
||
| 520 | _aHighlights the debate over the sale of county farms, the subject of a recent RICS conference looking at the investment opportunities of such properties as well as the rights of tenants. | ||
| 650 | _aCOUNTY FARMS | ||
| 650 | _aLOCAL AUTHORITIES | ||
| 650 | _aRICS | ||
| 650 | _aSUCCESSION RIGHTS | ||
| 690 | _aLANDLORD AND TENANT-AGRICULTURAL TENANCIES | ||
| 942 | _n0 | ||
| 948 | _c04/03/1997 | ||
| 999 |
_c41926 _d41926 |
||